00470nam a2200133 a 450000100100000000500170001000800410002704000250006810000400009324500990013325000120023226000620024430000300030600004385820201002045017.0140507s1987 sp c 000 0 spa d aDO-SdBNPbspacBNPHU1 aSanz y Ruiz de la Peña, Nicodemes13aLa Casa de Cervantes en Valladolid :bnoticia historica y guía /cN. Sanz Ruiz De la Peña. a3a. ed. aValladolid, España :bFundaciones Vega - Inclan,c1987. a47 p. :bretrs. ;c22 cm.